[Event "28. Friedensfest-Open (AFRO-A)"]
[Site "Augsburg"]
[Date "2023.08.05"]
[Round "6.15"]
[White "Rempel, Alexander jun."]
[Black "Stork, Simon"]
[Result "1/2-1/2"]
[WhiteElo "1484"]
[BlackElo "2080"]
[EventDate "2023.08.03"]
[Time "15:30:00"]
[WhiteTeam "Schachfreunde Augsburg"]
[BlackTeam "TSV Langenau"]

1.e4 c6 2.Nf3 d5 3.d3 g6 4.Be3 Bg7 5.e5 Bg4 6.d4 e6 7.h3 Bxf3 8.Qxf3 Qb6 
9.b3 c5 10.c3 cxd4 11.cxd4 Nc6 12.Qd1 Rc8 13.Nc3 Bf8 14.a3 h5 15.Be2 Nge7 
16.Na4 Qc7 17.Rc1 Nf5 18.b4 Qd8 19.Bb5 Nxe3 20.fxe3 Qh4+ 21.Ke2 Bh6 22.Qf1
O-O 23.Bxc6 Rxc6 24.Rxc6 bxc6 25.Qf3 a5 26.bxa5 Ra8 27.Nc5 Rxa5 28.a4 Bf8 
29.Rf1 Qe7 30.g4 hxg4 31.hxg4 Ra8 32.Rb1 Qe8 33.Rh1 Bg7 34.Kd3 Qb8 35.Qf2 
Qc7 36.Ra1 Bf8 37.Qc2 Ra5 38.Qc3 1/2-1/2

[Event "28. Friedensfest-Open (AFRO-A)"]
[Site "Augsburg"]
[Date "2023.08.03"]
[Round "2.30"]
[White "Steinberger, Michael"]
[Black "Bilandzic, Ante"]
[Result "0-1"]
[WhiteElo "1561"]
[BlackElo "1847"]
[EventDate "2023.08.03"]
[Time "15:30:00"]
[WhiteTeam "Schachfreunde Augsburg"]
[BlackTeam "FC Bayern Muenchen e.V."]

1.e4 c6 2.Nf3 d5 3.d3 Bg4 4.Be2 e6 5.h3 Bxf3 6.Bxf3 Bd6 7.O-O Ne7 8.Be3 
Ng6 9.g3 O-O 10.Bg2 Nd7 11.f4 Rc8 12.Qd2 Bb8 13.e5 f6 14.exf6 Qxf6 15.Qc3 
e5 16.f5 Ne7 17.g4 d4 18.Qb3+ Kh8 19.Bf2 Nc5 20.Qc4 Qd6 21.Bg3 b5 22.Qb4 
Nd5 23.Bxd5 Qxd5 24.Qe1 Rce8 25.Nd2 Bc7 26.b4 Na4 27.Ne4 Bd8 28.Qd2 c5 29.
bxc5 Nxc5 30.Nxc5 Qxc5 31.Rae1 Rf6 32.Bh4 Ra6 33.Bxd8 Rxd8 34.Qg5 Rf8 35.
Re2 Rxa2 36.f6 gxf6 37.Rxf6 Ra1+ 38.Kh2 Rf1 39.Rxf8+ Rxf8 40.Qxe5+ Qxe5+ 
41.Rxe5 a6 42.Rc5 Rb8 43.Rc6 a5 44.Ra6 a4 45.Kg3 Rc8 46.Kf4 Rxc2 47.Ke4 
Ra2 48.Kxd4 b4 49.Rc6 b3 50.Rc1 Rc2 51.Rb1 b2 0-1

[Event "28. Friedensfest-Open (AFRO-A)"]
[Site "Augsburg"]
[Date "2023.08.05"]
[Round "6.1"]
[White "Reimann, Sebastian"]
[Black "Hoefelsauer, Thomas"]
[Result "1-0"]
[WhiteElo "2265"]
[BlackElo "2367"]
[EventDate "2023.08.03"]
[Time "15:30:00"]
[WhiteTeam "SK Kriegshaber"]
[BlackTeam "Schachklub Muenchen Suedost e.V."]

1.e4 c6 2.Nc3 d5 3.Nf3 dxe4 4.Nxe4 Nf6 5.Qe2 Nxe4 6.Qxe4 Nd7 7.d4 Nf6 8.
Qf4 Nd5 9.Qd2 Bf5 10.Bd3 Bxd3 11.Qxd3 e6 12.O-O Be7 13.c4 Nf6 14.Bf4 O-O 
15.Rad1 Qa5 16.Qb3 Qa6 17.Rfe1 Rfd8 18.a3 Rac8 19.Qc2 h6 20.Rd3 b5 21.c5 
Rd5 22.Re5 Rcd8 23.Rxd5 Nxd5 24.Be5 Qb7 25.Nd2 f6 26.Bg3 Qd7 27.Nb3 Re8 
28.Rd1 f5 29.Be5 Bf6 30.Qe2 Rd8 31.Re1 Bxe5 32.Qxe5 Kf7 33.a4 a6 34.axb5 
axb5 35.Ra1 Ne7 36.Qe3 Qd5 37.Ra7 Rd7 38.Rxd7 Qxd7 39.Na5 Qc7 40.Qd2 Ke8 
41.g3 Nd5 42.Qe1 Kd7 43.Nb3 Nf6 44.Qa1 Nd5 45.Nd2 e5 46.Nf3 exd4 47.Qb1 
Ne7 48.Qe1 Qa7 49.Qe5 Qa2 50.Qd6+ Ke8 51.Qb8+ Kf7 52.Ne5+ Kf6 53.f4 Qg8 
54.Qd6+ Qe6 55.Qd8 Qg8 56.Qxd4 Qd5 57.Nxc6+ Qxd4+ 58.Nxd4 b4 59.Kf1 g5 60.
fxg5+ hxg5 61.Ke2 Ke5 62.Nf3+ Kd5 63.Nxg5 Kxc5 64.Kd3 Kd5 65.Nh3 Kc5 66.
Nf4 Nc6 67.Ng6 Kd5 68.h4 1-0

[Event "28. Friedensfest-Open (AFRO-A)"]
[Site "Augsburg"]
[Date "2023.08.05"]
[Round "5.27"]
[White "Kuehn, Marvin"]
[Black "Lachmayer, Manfred"]
[Result "0-1"]
[WhiteElo "1669"]
[BlackElo "1920"]
[EventDate "2023.08.03"]
[Time "09:30:00"]
[WhiteTeam "SK Graefelfing"]
[BlackTeam "TSV Langenau"]

1.e4 c6 2.Nf3 d6 3.d4 Bg4 4.Be2 Bxf3 5.Bxf3 Qc7 6.c4 e5 7.d5 Nf6 8.O-O Be7
9.Nc3 O-O 10.Be2 Nbd7 11.Be3 h6 12.Qd2 c5 13.f4 a6 14.Rad1 Nh7 15.fxe5 
Nxe5 16.Rf5 Bg5 17.Bxg5 Nxg5 18.h4 Nh7 19.g4 g6 20.Rxe5 dxe5 21.Qxh6 Qd6 
22.Rf1 Rad8 23.Qe3 f6 24.Qh6 f5 25.gxf5 gxf5 26.Qxd6 Rxd6 27.exf5 Rh6 28.
Ne4 Rc8 29.h5 Kf7 30.Kf2 Nf6 31.Rg1 Nxh5 32.Rh1 Rch8 33.Bxh5+ Rxh5 34.Rxh5
Rxh5 35.Kg3 Rxf5 36.Nxc5 Rf6 37.Nxb7 e4 38.d6 Ke8 39.d7+ Kxd7 40.Nc5+ Kc6 
41.Nxe4 Rg6+ 42.Kf3 a5 43.Ke3 Rg2 44.Nd2 a4 45.Kd3 Kc5 46.a3 Rg3+ 47.Ke4 
Rh3 48.Ke5 Rd3 49.Ne4+ Kxc4 50.Nd6+ Kb3 0-1

[Event "28. Friedensfest-Open (AFRO-A)"]
[Site "Augsburg"]
[Date "2023.08.04"]
[Round "4.18"]
[White "Rempel, Alexander jun."]
[Black "Bilandzic, Ante"]
[Result "0-1"]
[WhiteElo "1484"]
[BlackElo "1847"]
[EventDate "2023.08.03"]
[Time "15:30:00"]
[WhiteTeam "Schachfreunde Augsburg"]
[BlackTeam "FC Bayern Muenchen e.V."]

1.e4 c6 2.Nf3 d5 3.d3 Bg4 4.h3 Bxf3 5.Qxf3 e6 6.Bf4 Nf6 7.e5 Nfd7 8.d4 Qb6
9.Qb3 Qxd4 10.Be3 Qb4+ 11.Qxb4 Bxb4+ 12.c3 Be7 13.f4 O-O 14.Nd2 c5 15.Nf3 
Nc6 16.g4 a6 17.g5 b5 18.h4 Rfd8 19.h5 Nf8 20.O-O-O c4 21.a3 a5 22.Nd4 
Nxd4 23.Bxd4 b4 24.a4 bxc3 25.Bxc3 Bb4 26.Be2 Bxc3 27.bxc3 Rab8 28.Kc2 Rd7
29.Rb1 Rdb7 30.Rxb7 Rxb7 31.Rb1 Rxb1 32.Kxb1 Nd7 33.Bd1 Nc5 34.Bc2 h6 35.
Kc1 hxg5 36.fxg5 Nd7 37.Kd2 Nxe5 38.Ke3 Nc6 39.h6 g6 40.Kf4 e5+ 41.Ke3 d4+
42.cxd4 exd4+ 43.Kd2 Ne5 44.Be4 c3+ 45.Kc2 Kh7 46.Bg2 f6 47.gxf6 Kxh6 48.
Bd5 g5 49.Be4 g4 50.Bf5 g3 51.Be4 Nd7 52.f7 Kg7 53.Bc6 Ne5 54.f8=Q+ Kxf8 
0-1

[Event "28. Friedensfest-Open (AFRO-A)"]
[Site "Augsburg"]
[Date "2023.08.04"]
[Round "4.6"]
[White "Struck, Christian"]
[Black "Jussim, Maxim"]
[Result "1-0"]
[WhiteElo "1915"]
[BlackElo "2098"]
[EventDate "2023.08.03"]
[Time "15:30:00"]
[WhiteTeam "Schachfreunde Augsburg"]
[BlackTeam "Schachfreunde Augsburg"]

1.e4 c6 2.Nf3 d5 3.d3 Bg4 4.h3 Bxf3 5.Qxf3 e6 6.g3 Nf6 7.Bg2 Be7 8.O-O O-O
9.Qe2 Re8 10.Nd2 Qc7 11.Re1 dxe4 12.dxe4 e5 13.b3 Nfd7 14.Bb2 Nf8 15.Rad1 
Nbd7 16.Nc4 b5 17.Ne3 g6 18.Ng4 h5 19.Ne3 Ne6 20.Rd2 Bb4 21.c3 Be7 22.h4 
Ndf8 23.Red1 a5 24.c4 b4 25.Bf3 Ng7 26.Kg2 Bc5 27.Qd3 Nfe6 28.Nc2 Re7 29.
Qf1 a4 30.Qe1 axb3 31.axb3 f6 32.Ra1 Ra7 33.Rdd1 Qb6 34.Be2 Kf7 35.f3 Rab7
36.Ra4 Ra7 37.Rda1 Rxa4 38.Rxa4 Rb7 39.Bc1 Nd4 40.Nxd4 Bxd4 41.Qd2 Bg1 42.
Bd1 Ne6 43.Qe1 Bc5 44.Bd2 Be7 45.Qf2 Qd8 46.Ra2 Bc5 47.Qe1 Qd4 48.Bc1 Qd6 
49.Qd2 Qxd2+ 50.Bxd2 Bd4 51.Kf1 c5 52.Be2 Rd7 53.Kg2 Ke7 54.Kf1 Rd6 55.
Ra7+ Ke8 56.Ra8+ Nd8 57.Ra2 Rd7 58.Kg2 Ke7 59.Kf1 Kd6 60.Kg2 Nc6 61.f4 Rd8
62.f5 gxf5 63.exf5 Rh8 64.Bf3 e4 65.Bxe4 Ne5 66.Bf4 Ke7 67.Ra7+ Kf8 68.
Ra8+ Kg7 69.Rxh8 Kxh8 70.Bxe5 Bxe5 71.Bf3 Kg7 72.Bxh5 Kh6 73.Be8 Bd4 74.
Kf3 Bc3 75.Ke4 Be1 76.Kd5 Bf2 77.g4 Be3 78.Ke6 Kg7 79.Ke7 Bf2 80.Kd6 Kf8 
81.Bc6 Be3 82.Bd5 Kg7 83.Be6 Kf8 84.g5 fxg5 85.hxg5 Bxg5 86.Kxc5 Bd2 87.
Kd6 Bf4+ 88.Kd7 Be3 89.f6 Bd4 90.f7 Be3 91.Bd5 Bd4 92.Kd6 1-0

[Event "28. Friedensfest-Open (AFRO-A)"]
[Site "Augsburg"]
[Date "2023.08.04"]
[Round "4.1"]
[White "Niedermeier, Thomas"]
[Black "Hoefelsauer, Thomas"]
[Result "0-1"]
[WhiteElo "2226"]
[BlackElo "2367"]
[EventDate "2023.08.03"]
[Time "15:30:00"]
[WhiteTeam "SV Ilmmuenster"]
[BlackTeam "Schachklub Muenchen Suedost e.V."]

1.e4 c6 2.d4 d5 3.exd5 cxd5 4.Bd3 Nc6 5.c3 Nf6 6.Bf4 g6 7.Nf3 Bg7 8.O-O 
Bf5 9.Re1 Bxd3 10.Qxd3 O-O 11.Nbd2 e6 12.Bg5 Qc7 13.h3 Rac8 14.Qe3 Ne8 15.
Bh6 Nd6 16.Bxg7 Kxg7 17.g4 Rce8 18.Kg2 f6 19.Rh1 Qf7 20.h4 e5 21.dxe5 fxe5
22.h5 d4 23.hxg6 Qxg6 24.Qg5 Rf4 25.Qxg6+ Kxg6 26.Kg3 dxc3 27.bxc3 Ref8 
28.Rae1 e4 29.Nh4+ Kg5 30.f3 Ne5 31.Rxe4 Nxe4+ 32.Nxe4+ Rxe4 33.fxe4 Rf4 
34.Nf5 Rxg4+ 35.Kf2 Rxe4 36.Nd6 Ng4+ 37.Kg3 Re3+ 38.Kg2 h5 39.Rb1 Re2+ 40.
Kf3 Rf2+ 41.Ke4 Rf4+ 42.Kd5 b6 43.Nb5 h4 44.Nxa7 h3 45.Nc6 h2 46.Rh1 0-1

[Event "28. Friedensfest-Open (AFRO-A)"]
[Site "Augsburg"]
[Date "2023.08.05"]
[Round "6.30"]
[White "Schneider, Peter"]
[Black "Notz, Lukas"]
[Result "0-1"]
[WhiteElo "1679"]
[BlackElo "1936"]
[EventDate "2023.08.03"]
[Time "15:30:00"]
[WhiteTeam "SC Wolfratshausen 1948 e.V."]
[BlackTeam "SV Dettingen Erms"]

1.e4 c6 2.d4 d5 3.exd5 cxd5 4.c4 Nf6 5.Nc3 Nc6 6.cxd5 Nxd5 7.Bc4 Nxc3 8.
bxc3 e6 9.Nf3 Be7 10.Bd3 O-O 11.h4 b6 12.Bxh7+ Kh8 13.Ng5 g6 14.Nxf7+ Rxf7
15.Bxg6 Rg7 16.Qh5+ Kg8 17.Bh6 Qd5 18.Bf7+ Rxf7 19.Qg6+ Kh8 20.Qxf7 Qe4+ 
21.Kd2 Qg4 22.Rh3 Ba6 23.Re1 Nxd4 24.Re4 Nb3+ 25.axb3 Rd8+ 26.Rd4 Qe2+ 27.
Kc1 Ba3+ 0-1

[Event "28. Friedensfest-Open (AFRO-A)"]
[Site "Augsburg"]
[Date "2023.08.05"]
[Round "5.40"]
[White "Stumpf, Vitali"]
[Black "Schneider, Peter"]
[Result "0-1"]
[WhiteElo "1665"]
[BlackElo "1679"]
[EventDate "2023.08.03"]
[Time "09:30:00"]
[WhiteTeam "?"]
[BlackTeam "SC Wolfratshausen 1948 e.V."]

1.e4 c6 2.d4 d5 3.Nc3 dxe4 4.Nxe4 Nd7 5.Nf3 Ngf6 6.Ng3 g6 7.h4 h5 8.Bc4 
Nb6 9.Bb3 Bg4 10.Qd3 Bxf3 11.gxf3 Bg7 12.Bg5 Qd6 13.O-O-O e6 14.Rhe1 O-O-O
15.Ne4 Nxe4 16.Rxe4 Bh6 17.f4 Bxg5 18.fxg5 a5 19.c4 Qc7 20.Qc3 Nd7 21.Bc2 
b6 22.Kb1 Kb7 23.c5 b5 24.a4 b4 25.Qc4 Nb8 26.b3 Rd5 27.f4 Rhd8 28.Re5 Qd7
29.Re4 Qc7 30.Bd3 Qd7 31.Bf1 Rf5 32.Bh3 Rd5 33.Bg2 Rf5 34.Qf1 Rd5 35.Qc4 
Rf5 36.Qd3 Rd5 37.Bf1 Rf5 38.Be2 Rd5 39.Bf3 Rf5 40.Qc4 Qc7 41.Qc1 Rfd5 42.
Qe3 Qd7 43.Qf2 Na6 44.Rc1 Rxd4 45.Qe2 Rd2 46.Qb5+ cxb5 47.c6+ Qxc6 48.Rxc6
Kxc6 49.Rxe6+ Kc5 50.Rc6+ Kd4 51.Rxa6 bxa4 52.bxa4 Kc3 53.Rxa5 Rf2 0-1

[Event "28. Friedensfest-Open (AFRO-A)"]
[Site "Augsburg"]
[Date "2023.08.05"]
[Round "5.31"]
[White "Holuba, Stefan"]
[Black "Wolf, Thomas"]
[Result "1-0"]
[WhiteElo "1757"]
[BlackElo "1981"]
[EventDate "2023.08.03"]
[Time "09:30:00"]
[WhiteTeam "SK Caissa Augsburg"]
[BlackTeam "SK Leutkirch"]

1.e4 d5 2.exd5 Nf6 3.d4 Bg4 4.f3 Bf5 5.Bd3 Bxd3 6.Qxd3 Qxd5 7.Ne2 g6 8.c4 
Qd8 9.Nbc3 Bg7 10.O-O O-O 11.Rd1 c6 12.Qc2 Nbd7 13.Be3 e6 14.Bf2 Rc8 15.
Rd3 Qa5 16.Rad1 e5 17.d5 Nc5 18.R3d2 Bh6 19.a3 Bxd2 20.Qxd2 Nb3 21.Qh6 
Rfd8 22.Bh4 Rd6 23.Ng3 Ne8 24.Be7 Qc5+ 25.Kh1 Ng7 26.Nce4 Qxc4 27.Ng5 1-0

[Event "28. Friedensfest-Open (AFRO-A)"]
[Site "Augsburg"]
[Date "2023.08.03"]
[Round "1.5"]
[White "Player, Edmund"]
[Black "Wolf, Thomas"]
[Result "1-0"]
[WhiteElo "2204"]
[BlackElo "1981"]
[EventDate "2023.08.03"]
[Time "09:30:00"]
[WhiteTeam "FC Bayern München e.V."]
[BlackTeam "SK Leutkirch"]

1.e4 d5 2.exd5 Nf6 3.Nf3 Bg4 4.Bb5+ Nbd7 5.h3 a6 6.Be2 Bf5 7.c4 b5 8.d3 e5
9.Nh4 Bg6 10.O-O Rc8 11.f4 Bc5+ 12.Kh1 Nh5 13.Bxh5 Qxh4 14.Bg4 f5 15.Bf3 
O-O 16.Qe1 Qf6 17.Nd2 Rce8 18.Nb3 exf4 19.Qa5 Be3 20.Qxc7 Ne5 21.cxb5 Rc8 
22.Qa5 Nxd3 23.Qxa6 Rxc1 24.Nxc1 Qd4 25.Nxd3 Qxd3 26.Rad1 Qc4 27.d6 Be8 
28.Bd5+ 1-0

[Event "28. Friedensfest-Open (AFRO-A)"]
[Site "Augsburg"]
[Date "2023.08.04"]
[Round "3.18"]
[White "Blodig, Vincent"]
[Black "Wolf, Thomas"]
[Result "1-0"]
[WhiteElo "1542"]
[BlackElo "1981"]
[EventDate "2023.08.03"]
[Time "09:30:00"]
[WhiteTeam "Schachfreunde Augsburg"]
[BlackTeam "SK Leutkirch"]

1.e4 d5 2.exd5 Nf6 3.c4 e6 4.d4 exd5 5.Bg5 Bb4+ 6.Nc3 O-O 7.Bd3 dxc4 8.
Bxc4 Nc6 9.Ne2 Bg4 10.f3 Bf5 11.O-O Be7 12.Re1 Na5 13.Bd3 Bg6 14.Kh1 Re8 
15.Ng3 Bxd3 16.Qxd3 h6 17.Rxe7 Qxe7 18.Nd5 Qd6 19.Nxf6+ gxf6 20.Bxh6 Qe6 
21.h4 Rad8 22.Nh5 Nc6 23.f4 Ne7 24.Qg3+ Ng6 25.f5 Qxf5 26.Ng7 Qe4 27.Nxe8 
Rxe8 28.h5 Qh4+ 29.Qxh4 Nxh4 30.Rf1 Re2 31.g3 Ng2 32.d5 Ne3 33.Bxe3 Rxe3 
34.Kg2 Re5 35.d6 cxd6 36.Rxf6 Rxh5 37.Rxd6 Rb5 38.b3 Kf8 39.Rd7 Rc5 40.a3 
Rb5 41.Rd3 Ke7 42.Kf3 Ke6 43.Ke4 Re5+ 44.Kf4 Rf5+ 45.Kg4 Rc5 46.Kh4 a5 47.
g4 b5 48.g5 b4 49.axb4 axb4 50.Rd4 Rb5 51.Rc4 Kf5 52.Kh5 Rb8 53.Kh6 Rb6+ 
54.Kg7 Rb7 55.Rc5+ Ke6 56.Rc6+ Kf5 57.Kh6 Re7 58.Rc5+ Ke6 59.Rb5 Rc7 60.
Rxb4 Rc3 61.Rb6+ Ke7 62.b4 Kf8 63.Rb8+ Ke7 64.Kg7 Rg3 65.Rb5 Rf3 66.Rb7+ 
Ke6 67.Rb6+ Ke7 68.Rf6 1-0

[Event "28. Friedensfest-Open (AFRO-A)"]
[Site "Augsburg"]
[Date "2023.08.03"]
[Round "2.37"]
[White "Wagner, Cosima Thien-An"]
[Black "Schrimpf Michael"]
[Result "1/2-1/2"]
[WhiteElo "1537"]
[BlackElo "1782"]
[EventDate "2023.08.03"]
[Time "15:30:00"]
[WhiteTeam "TV Tegernsee"]
[BlackTeam "KJSV Wien"]

1.e4 d5 2.exd5 Nf6 3.Nc3 Nxd5 4.Nf3 Nc6 5.Bc4 Nb6 6.Be2 Bf5 7.O-O e6 8.Bb5
Qd6 9.Nh4 Bg6 10.d3 a6 11.Bxc6+ Qxc6 12.Qf3 Qxf3 13.Nxf3 Bd6 14.Ne4 O-O-O 
15.Nxd6+ Rxd6 16.Ne5 Rd5 17.Nxg6 hxg6 18.Be3 Rdh5 19.h3 Nd5 20.a3 g5 21.c4
Nf6 22.f3 Nd7 23.Bd4 e5 24.Bc3 f6 25.d4 exd4 26.Bxd4 Nf8 27.Rfe1 Ng6 28.
Rad1 Rh4 29.b3 Rd8 30.Bc3 Rhh8 31.Kf1 Rxd1 32.Rxd1 Nf4 33.Kf2 Re8 34.Rd2 
b6 35.Bb2 c5 36.Bc3 Kc7 37.Bb2 Kc6 38.Bc3 Re7 39.Ba1 b5 40.Bc3 bxc4 41.
bxc4 Rb7 42.g3 Nxh3+ 43.Kg2 g4 44.fxg4 Ng5 45.Rb2 Rxb2+ 46.Bxb2 Ne4 47.Kh3
Nd6 48.g5 Nxc4 49.gxf6 gxf6 50.Bxf6 Kd7 51.a4 Nb6 52.a5 Nd5 53.Bh8 c4 54.
g4 c3 55.g5 c2 56.Bb2 Ke7 57.Kg4 Nc3 58.Kf5 Kf7 59.g6+ Kg8 60.Ke6 Na2 61.
Kd6 Nb4 62.Kc7 Nd3 63.Ba3 Kg7 64.Kb6 Nb4 65.Kc5 Nd3+ 66.Kc4 c1=Q+ 67.Bxc1 
Nxc1 68.Kc5 Nd3+ 69.Kb6 Nb4 70.Kc5 1/2-1/2

[Event "28. Friedensfest-Open (AFRO-A)"]
[Site "Augsburg"]
[Date "2023.08.06"]
[Round "7.32"]
[White "Komarov, Jan"]
[Black "Wolf, Thomas"]
[Result "1-0"]
[WhiteElo "1793"]
[BlackElo "1981"]
[EventDate "2023.08.03"]
[Time "09:30:00"]
[WhiteTeam "Schachklub Muenchen Suedost e.V."]
[BlackTeam "SK Leutkirch"]

1.e4 d5 2.exd5 Nf6 3.d4 Bg4 4.Bb5+ Nbd7 5.Be2 Bxe2 6.Qxe2 Nxd5 7.c4 N5f6 
8.Nf3 g6 9.O-O c6 10.Rd1 Bg7 11.Nc3 O-O 12.h3 e6 13.Bf4 Re8 14.Rac1 Qa5 
15.Ne5 Rad8 16.Nxd7 Nxd7 17.Ne4 Qf5 18.Bc7 Nf6 19.Ng3 Qg5 20.Bxd8 Rxd8 21.
Qc2 Qh4 22.Qa4 Bh6 23.Rc3 Rxd4 24.Rxd4 Qxd4 25.Qc2 Bf4 26.Ne2 Qe5 27.Nxf4 
Qxf4 28.Qc1 Qxc1+ 29.Rxc1 Kf8 30.f3 h5 31.h4 Ke7 32.Kf2 Nd7 33.Ke3 e5 34.
Rd1 f5 35.g3 Ke6 36.b3 b6 37.b4 Nf6 38.Rd8 e4 39.Ra8 exf3 40.Kxf3 Nd7 41.
Rxa7 Ne5+ 42.Kf4 Kf6 43.b5 c5 44.Ra6 Nxc4 45.a4 Ke7 46.Kg5 Nd6 47.Rxb6 
Ne4+ 48.Kf4 Nc3 49.Rxg6 Nxa4 50.Rc6 1-0

[Event "28. Friedensfest-Open (AFRO-A)"]
[Site "Augsburg"]
[Date "2023.08.04"]
[Round "4.26"]
[White "Lachmayer, Manfred"]
[Black "Schrimpf Michael"]
[Result "1/2-1/2"]
[WhiteElo "1920"]
[BlackElo "1782"]
[EventDate "2023.08.03"]
[Time "15:30:00"]
[WhiteTeam "TSV Langenau"]
[BlackTeam "KJSV Wien"]

1.e4 d5 2.exd5 Nf6 3.d4 Bg4 4.Be2 Bxe2 5.Nxe2 Qxd5 6.O-O Nc6 7.Be3 O-O-O 
8.c3 Qh5 9.f3 e5 10.Qa4 exd4 11.Nxd4 Qa5 12.Qc2 Nxd4 13.Bxd4 Bc5 14.Qf5+ 
Nd7 15.Kh1 Qb6 16.Bxc5 Qxc5 17.Qxf7 Qb5 18.Na3 Qxb2 19.Nc4 Qxc3 20.Rac1 
Qf6 21.Qd5 Nb6 22.Qc5 Rd7 23.Ne5 Re7 24.f4 Kb8 25.Rf3 Qd6 26.Qa5 Qd5 27.
Qa3 Qd6 28.Qb3 Qd2 29.Rd1 Qa5 30.Rfd3 c6 31.h3 Kc7 32.Qb2 Nd5 33.Ra3 Qb6 
34.Rb3 Qa6 35.Rb1 b6 36.Rc1 c5 37.Qd4 Nf6 38.Rxc5+ Kb7 39.Rcb5 Qxa2 40.
Rxb6+ axb6 41.Qxb6+ Ka8 42.Qc6+ Ka7 43.Qc5+ Ka8 44.Ra3+ Qxa3 45.Qxa3+ Ra7 
46.Qf3+ Rb7 47.Nc4 Ka7 48.Qa3+ Kb8 49.Qd6+ Rc7 50.Na5 Rc8 51.Nc6+ Kb7 52.
Nd8+ Ka7 53.Ne6 Rb7 54.Qd4+ Kb8 55.Nxg7 Rxg7 56.Qxf6 Rcg8 57.Qe5+ Kc8 58.
Qd5 Rg3 59.f5 R8g5 60.Qc6+ Kd8 61.f6 Rxg2 62.Qd6+ Kc8 63.h4 Rg1+ 64.Kh2 
R1g2+ 65.Kh3 R5g3+ 66.Qxg3 Rxg3+ 67.Kxg3 Kd7 68.Kg4 Ke8 69.Kf5 Kf7 70.Ke5 
Kf8 71.Ke6 Ke8 72.h5 Kf8 73.f7 h6 1/2-1/2

[Event "28. Friedensfest-Open (AFRO-A)"]
[Site "Augsburg"]
[Date "2023.08.04"]
[Round "4.30"]
[White "Steinberger, Michael"]
[Black "Berlizov, Wladislaw"]
[Result "0-1"]
[WhiteElo "1561"]
[BlackElo "1873"]
[EventDate "2023.08.03"]
[Time "15:30:00"]
[WhiteTeam "Schachfreunde Augsburg"]
[BlackTeam "SC 1947 Beilngries"]

1.e4 d5 2.exd5 Qxd5 3.Nc3 Qd6 4.Nf3 Nf6 5.Be2 a6 6.d3 Nc6 7.O-O Bg4 8.Be3 
e6 9.h3 h5 10.Nd2 Bxe2 11.Nxe2 O-O-O 12.Bf4 e5 13.Bg3 g5 14.Nc3 Be7 15.Re1
Nd7 16.Nce4 Qg6 17.f3 f5 18.Nc3 g4 19.fxg4 hxg4 20.hxg4 f4 21.Bf2 Qh6 22.
Kf1 Qh1+ 23.Ke2 Qxg2 24.Rg1 Nd4+ 25.Ke1 Rh1 26.Rxh1 Qxh1+ 27.Nf1 Qg2 28.
Ne4 Nf3+ 29.Ke2 Nc5 30.Nfd2 Nd4+ 31.Ke1 Rh8 32.Nf1 Rh1 33.Kd2 Nxe4+ 34.
dxe4 Qxf2+ 0-1

[Event "28. Friedensfest-Open (AFRO-A)"]
[Site "Augsburg"]
[Date "2023.08.06"]
[Round "7.5"]
[White "Vuckovic, Robert"]
[Black "Berlizov, Wladislaw"]
[Result "1-0"]
[WhiteElo "1906"]
[BlackElo "1873"]
[EventDate "2023.08.03"]
[Time "09:30:00"]
[WhiteTeam "Schachfreunde Augsburg"]
[BlackTeam "SC 1947 Beilngries"]

1.e4 d5 2.exd5 Qxd5 3.Nc3 Qd6 4.Nf3 Nf6 5.g3 a6 6.Bg2 Bg4 7.h3 Bh5 8.d3 
Nc6 9.O-O O-O-O 10.Qe1 e5 11.Bg5 Be7 12.a3 h6 13.Ne4 Qe6 14.Bxf6 gxf6 15.
b4 Bxf3 16.Bxf3 Qxh3 17.c3 Rhg8 18.Qe2 h5 19.Nc5 h4 20.Bg2 Qf5 21.Nxb7 
Kxb7 22.d4 Ka7 23.Qc4 Rd6 24.b5 hxg3 25.f4 Qh5 26.Rfb1 Qh2+ 27.Kf1 e4 28.
bxc6 Rb8 29.Rxb8 Rxc6 30.Qxc6 Kxb8 31.Qxa6 c6 32.Qxc6 1-0

[Event "28. Friedensfest-Open (AFRO-A)"]
[Site "Augsburg"]
[Date "2023.08.06"]
[Round "7.26"]
[White "Wezel, Sebastian"]
[Black "Trapp, Robert"]
[Result "1-0"]
[WhiteElo "1828"]
[BlackElo "2089"]
[EventDate "2023.08.03"]
[Time "09:30:00"]
[WhiteTeam "SV Dettingen Erms"]
[BlackTeam "SK Freising"]

1.e4 d5 2.exd5 Qxd5 3.Nc3 Qa5 4.d4 c6 5.Bc4 Nf6 6.Bd2 Bf5 7.Qe2 e6 8.d5 
cxd5 9.Nxd5 Qd8 10.Nxf6+ Qxf6 11.O-O-O Ba3 12.c3 Bc5 13.Bb5+ Nc6 14.Qc4 
Qe5 15.b4 Bxb4 16.Bxc6+ bxc6 17.Qxc6+ Kf8 18.Qxa8+ Ke7 19.Bg5+ f6 20.Qb7+ 
Ke8 21.Qxb4 Kf7 22.Rd7+ Kg6 23.Nf3 Qe4 24.Qxe4 1-0

[Event "28. Friedensfest-Open (AFRO-A)"]
[Site "Augsburg"]
[Date "2023.08.04"]
[Round "4.38"]
[White "Sensoy, Emir"]
[Black "Tsilighiris, Joerg"]
[Result "1-0"]
[WhiteElo "1416"]
[BlackElo "1780"]
[EventDate "2023.08.03"]
[Time "15:30:00"]
[WhiteTeam "MSA Zugzwang 82 e.V."]
[BlackTeam "SC Roter Turm Altstadt"]

1.e4 d6 2.Nf3 g6 3.Bc4 Bg7 4.Nc3 Nf6 5.d4 O-O 6.Bf4 Nh5 7.Bg3 c5 8.h3 Nc6 
9.dxc5 Qa5 10.Qd2 Qxc5 11.Bb3 Nxg3 12.fxg3 Bxc3 13.bxc3 Ne5 14.Qd4 Nxf3+ 
15.gxf3 Qg5 16.Kf2 a6 17.h4 Qf6 18.Qe3 h5 19.Rad1 Bd7 20.e5 Qg7 21.exd6 e6
22.Rd4 Rac8 23.Rg1 Qf6 24.c4 Rc6 25.Rf4 Qd8 26.Rd1 b6 27.Rfd4 Rc5 28.Rh1 
f5 29.f4 Bc6 30.Qxe6+ Kg7 31.Qe7+ Qxe7 32.dxe7 Re8 33.Re1 Be4 34.Rd7 Kf7 
35.Rd5 Bxd5 36.cxd5 1-0

[Event "28. Friedensfest-Open (AFRO-A)"]
[Site "Augsburg"]
[Date "2023.08.06"]
[Round "7.30"]
[White "Vogel, Darius"]
[Black "Schoenwetter, Martin"]
[Result "0-1"]
[WhiteElo "1884"]
[BlackElo "1737"]
[EventDate "2023.08.03"]
[Time "09:30:00"]
[WhiteTeam "TSV Trostberg"]
[BlackTeam "Schachges. Augsburg 1873"]

1.e4 d6 2.d4 Nf6 3.Bd3 Nbd7 4.f4 e5 5.Nf3 exd4 6.Nxd4 g6 7.O-O Bg7 8.Be3 
O-O 9.Nc3 Nc5 10.h3 Nxd3 11.cxd3 c5 12.Nde2 b6 13.g4 Bb7 14.Ng3 d5 15.Bd2 
dxe4 16.dxe4 Qd4+ 17.Kh2 Rad8 18.Bc1 Qxd1 19.Nxd1 Nxe4 20.Nxe4 Bxe4 21.Nc3
Bc6 22.f5 Be5+ 23.Kg1 Rd3 0-1

[Event "28. Friedensfest-Open (AFRO-A)"]
[Site "Augsburg"]
[Date "2023.08.05"]
[Round "5.3"]
[White "Vuckovic, Robert"]
[Black "Niedermeier, Thomas"]
[Result "1-0"]
[WhiteElo "1906"]
[BlackElo "2226"]
[EventDate "2023.08.03"]
[Time "09:30:00"]
[WhiteTeam "Schachfreunde Augsburg"]
[BlackTeam "SV Ilmmuenster"]

1.e4 d6 2.d4 Nf6 3.Nc3 Nbd7 4.Be3 e5 5.Be2 c6 6.Qd2 Be7 7.O-O-O b5 8.g4 b4
9.Nb1 Nxe4 10.Qxb4 d5 11.Qa4 exd4 12.f3 dxe3 13.fxe4 Rb8 14.exd5 Qb6 15.b3
O-O 16.Qe4 Re8 17.d6 Nf6 18.Qd4 c5 19.Qf4 Bf8 20.g5 Nd7 21.Bc4 Ne5 22.d7 
Bxd7 23.Rxd7 Nxc4 24.Qxf7+ Kh8 25.Qxc4 Qa5 26.Ne2 Qxa2 27.Rf1 Qa1 28.Qc3 
1-0

[Event "28. Friedensfest-Open (AFRO-A)"]
[Site "Augsburg"]
[Date "2023.08.04"]
[Round "4.28"]
[White "Altok, Mesut"]
[Black "Schoenwetter, Martin"]
[Result "1-0"]
[WhiteElo "1904"]
[BlackElo "1737"]
[EventDate "2023.08.03"]
[Time "15:30:00"]
[WhiteTeam "Satranç Club 2000 e. V."]
[BlackTeam "Schachges. Augsburg 1873"]

1.e4 d6 2.d4 Nf6 3.Nc3 Nbd7 4.f4 e5 5.Nf3 exd4 6.Qxd4 c6 7.Be3 d5 8.exd5 
Bc5 9.Qd3 Qe7 10.Nd4 Nb6 11.dxc6 bxc6 12.O-O-O Ba6 13.Qd2 Bxf1 14.Rhxf1 
Nc4 15.Qd3 Nxe3 16.Rfe1 O-O 17.Rxe3 Qc7 18.Re5 Bd6 19.Ne6 Bxe5 20.Nxc7 
Bxf4+ 21.Kb1 Bxc7 22.Qf3 Rab8 23.Qxc6 Bxh2 24.Qa6 Be5 25.Nb5 Rb6 26.Qa5 
Rfb8 27.a4 h6 28.Qxa7 Ne4 29.c4 Rg6 30.Qe7 Re6 31.Rd8+ Rxd8 32.Qxd8+ Kh7 
33.Qd3 f5 34.Qd5 Re7 35.a5 Nf6 36.Qc5 Re8 37.a6 1-0

[Event "28. Friedensfest-Open (AFRO-A)"]
[Site "Augsburg"]
[Date "2023.08.05"]
[Round "5.42"]
[White "Schaad, Simon Ulrich Maria"]
[Black "Adlkofer, Josef"]
[Result "1-0"]
[WhiteElo "1724"]
[BlackElo "1400"]
[EventDate "2023.08.03"]
[Time "09:30:00"]
[WhiteTeam "SK Keres-Augsburg 1980"]
[BlackTeam "TSV Steppach, Abt. Schach"]

1.e4 e5 2.Bc4 Nf6 3.d4 d6 4.dxe5 Nxe4 5.Nf3 Be7 6.Qd5 Ng5 7.Bxg5 Be6 8.
Bxe7 Bxd5 9.Bxd8 Bxc4 10.Bxc7 dxe5 11.Nxe5 Bd5 12.O-O Na6 13.Bd6 Rd8 14.
Ba3 f6 15.Ng4 Kf7 16.Nc3 Be6 17.h3 h5 18.Ne3 g5 19.Rad1 Rb8 20.Nb5 Ra8 21.
Rd4 Rhc8 22.Nd6+ 1-0

[Event "28. Friedensfest-Open (AFRO-A)"]
[Site "Augsburg"]
[Date "2023.08.05"]
[Round "6.14"]
[White "Berlizov, Wladislaw"]
[Black "Hoeller, Armin"]
[Result "1-0"]
[WhiteElo "1873"]
[BlackElo "1985"]
[EventDate "2023.08.03"]
[Time "15:30:00"]
[WhiteTeam "SC 1947 Beilngries"]
[BlackTeam "SK Weilheim e.V."]

1.e4 e5 2.d4 exd4 3.Qxd4 Nc6 4.Qe3 g6 5.Nc3 Bg7 6.Bd2 d6 7.O-O-O Nf6 8.f3 
O-O 9.Nge2 d5 10.Be1 Re8 11.Qc5 Bf8 12.Qg1 Qe7 13.exd5 Nb4 14.Bh4 Bh6+ 15.
Kb1 Be3 16.Bf2 Nxc2 17.Kxc2 Bf5+ 18.Kb3 a5 19.a3 Qc5 20.Bxe3 Rxe3 21.Ka2 
Rae8 22.Ng3 Nxd5 23.Nce4 Rxa3+ 24.Kb1 Nc3+ 25.Kc2 Nxe4+ 26.Qxc5 Nxc5+ 27.
Nxf5 Rb3 28.Rd5 gxf5 29.Rxc5 Rbe3 30.Bd3 Rd8 31.Rd1 c6 32.Rxa5 Kg7 33.Rxf5
f6 34.Rd2 b6 35.Rf4 h5 36.Re4 1-0